The long transition : building socialism in Tanzania /

Bibliographic Details
Main Author: Resnick, Idrian N.
Format: Book
Language:English
Published: New York, N.Y. : Monthly Review Press, [1981]
Subjects:

MARC

Tag First Indicator Second Indicator Subfields
LEADER 00000cam a22000008a 4500
001 in00000083906
005 20151008054335.0
008 810512s1981 nyu b 00110 eng
010 |a  80008089  
020 |a 0853455546 :  |c $18.50 
020 |a 0853455554 (pbk.) 
035 |a (OCoLC)07553735 
035 |9 AAJ0374AM 
039 0 |a 2  |b 3  |c 3  |d 3  |e 3 
040 |a DLC  |c DLC  |d TXA  |d UtOrBLW 
043 |a f-tz--- 
049 |a TXAM  |c [387412] 
050 0 0 |a HX448.5.A6  |b R47 
082 0 |a 335/.009678  |2 19 
100 1 |a Resnick, Idrian N. 
245 1 4 |a The long transition :  |b building socialism in Tanzania /  |c Idrian N. Resnick. 
263 |a 8109 
264 1 |a New York, N.Y. :  |b Monthly Review Press,  |c [1981] 
264 4 |c ©1981 
300 |a 304 pages ;  |c 21 cm. 
336 |a text  |b txt  |2 rdacontent 
337 |a unmediated  |b n  |2 rdamedia 
338 |a volume  |b nc  |2 rdacarrier 
504 |a Includes bibliographical references and index. 
650 0 |a Socialism  |z Tanzania. 
651 0 |a Tanzania  |x Economic policy. 
651 0 |a Tanzania  |x Social policy. 
999 |a MARS 
999 f f |s 74f1e2e6-a764-32f1-84a0-24a5b71fdbcb  |i d60ab0af-0591-3419-a950-4188e4a418b3  |t 0 
952 f f |p ric  |a Texas A&M University  |b Rellis Campus  |c Joint Library Facility  |d Remote Storage  |t 0  |e HX448.5.A6 R47  |h Library of Congress classification  |i unmediated -- volume  |m A14806148332 
998 f f |a HX448.5.A6 R47  |t 0  |l Remote Storage